ბათუმის შოთა რუსთაველის სახელმწიფო უნივერსიტეტის ბიბლიოთეკა

პროზა. წერილები. დღიურები. ტ.4 : (ბიბ.ჩანაწერი № 40524)

000 -ლიდერი
ფიქსირებული სიგრძის საკონტროლო ველი 01184nam a2200265Ia 4500
001 - საკონტროლო ნომერი
საკონტროლო ველი 7135
003 - საკონტროლო ნომრის იდენტიფიკატორი
საკონტროლო ველი GE_BSU
005 - ბოლო ოპერაციის თარიღი და დრო
საკონტროლო ველი 20231005172144.0
008 - ფიქსირებული სიგრძის მონაცემთა ელემენტები - ზოგადი ინფორმაცია
ფიქსირებული სიგრძის საკონტროლო ველი 181216s2011||||ge |||||||||||||| ||geo||
020 ## - წიგნის საერთაშორისო სტანდარტული ნომერი
International Standard Book Number 9789941192524
040 ## - კატალოგიზაციის წყარო
Transcribing agency GE_BSU
041 ## - ენის კოდი
Language code of text/sound track or separate title geo
080 ## - უნივერსალური ათობითი კლასიფიკაციის ინდექსი
Universal Decimal Classification number 821.353.1-31+821.353.1-6+821.353.1-94 ტ-15
100 ## - მთავარი ჩანაწერი - პიროვნების სახელი
Personal name ტაბიძე, გალაკტიონ
9 (RLIN) 20009
245 ## - ცნობა სათაურის შესახებ
Title პროზა. წერილები. დღიურები. ტ.4 :
Remainder of title [ხუთტომეული] /
Statement of responsibility, etc გალაკტიონ ტაბიძე ; [სარედ. ჯგ. ზ. აბაშიძე, მ. ჯანელიძე, ი. ხარშილაძე]. .
264 ## - წარმოების, გამოცემის, დისტრიბუციის და სხვა ცნობები
გამოცემის, წარმოების, დისტრიბუციის... ადგილი თბილისი :
გამოცემის, წარმოების, დისტრიბუციის... სახელწოდება პალიტრა L,
გამოცემის, წარმოების, დისტრიბუციის... თარიღი 2011.
300 ## - ფიზიკური აღწერა
Extent 320 გვ. :
Other physical details ფოტო-პორტრეტი გარეკანზე ;
Dimensions 20 სმ.
490 ## - სერიის ცნობა
Series statement ჩემი რჩეული
Volume number/sequential designation ტ.9
International Standard Serial Number ISSN2233-3037
653 ## - INDEX TERM--UNCONTROLLED
Uncontrolled term პროზა
653 ## - INDEX TERM--UNCONTROLLED
Uncontrolled term წერილები
653 ## - INDEX TERM--UNCONTROLLED
Uncontrolled term დღიურები
700 ## - ADDED ENTRY--PERSONAL NAME
Personal name აბაშიძე, ზურაბ
Relator term რედაქტორი
9 (RLIN) 1322
942 ## - ADDED ENTRY ELEMENTS (KOHA)
Koha item type წიგნი
Source of classification or shelving scheme
ეგზემპლარები
ჩამოწერის სტატუსი დაკარგული ეგზემპლარის სტატუსი კლასიფიკაციის წყარო ან თაროზე გაწყობის სქემა დაზიანების სტატუსი არ გაიცემა მუდმივი მდებარეობა (დაცვის ადგილი) ამჟამინდელი ადგილსამყოფელი თაროზე განთავსების ადგილი შეძენის თარიღი ღირებულება, შესყიდვის ნორმალური ფასი სრული შენახვის შიფრი შტრიხკოდი ბოლო ოპერაციის თარიღი ეგზემპლარის მიმდევრობითი ნომერი (კეტერი?) ფასის ძალაში შესვლის თარიღი ეგზემპლარის სახეობა საჯარო შენიშვნა
          ბათუმის შოთა რუსთაველის სახელმწიფო უნივერსიტეტის მთავარი ბიბლიოთეკა ბათუმის შოთა რუსთაველის სახელმწიფო უნივერსიტეტის მთავარი ბიბლიოთეკა წიგნსაცავი 2018-12-17 8.00 821.353.1-31+821.353.1-6+821.353.1-94 ტ-15 22775 2018-12-17 22775 2018-12-17 წიგნი 8.00 ₾.
          ბათუმის შოთა რუსთაველის სახელმწიფო უნივერსიტეტის მთავარი ბიბლიოთეკა ბათუმის შოთა რუსთაველის სახელმწიფო უნივერსიტეტის მთავარი ბიბლიოთეკა წიგნსაცავი 2018-12-17 8.00 821.353.1-31+821.353.1-6+821.353.1-94 ტ-15 22776 2018-12-17 22776 2018-12-17 წიგნი 8.00 ₾.
          ბათუმის შოთა რუსთაველის სახელმწიფო უნივერსიტეტის მთავარი ბიბლიოთეკა ბათუმის შოთა რუსთაველის სახელმწიფო უნივერსიტეტის მთავარი ბიბლიოთეკა წიგნსაცავი 2018-12-17 8.00 821.353.1-31+821.353.1-6+821.353.1-94 ტ-15 22777 2018-12-17 22777 2018-12-17 წიგნი 8.00 ₾.